An introduction to ordinary differential equations / (Record no. 8432)

MARC details
000 -LEADER
fixed length control field 00769nam a22002411 4500
001 - CONTROL NUMBER
control field 4057719
003 - CONTROL NUMBER IDENTIFIER
control field OSt
005 - DATE AND TIME OF LATEST TRANSACTION
control field 20240617141155.0
008 - FIXED-LENGTH DATA ELEMENTS--GENERAL INFORMATION
fixed length control field 840711s1961 njua b 000 0 eng
010 ## - LIBRARY OF CONGRESS CONTROL NUMBER
LC control number 61015333
020 ## - INTERNATIONAL STANDARD BOOK NUMBER
International Standard Book Number 0486659429
040 ## - CATALOGING SOURCE
Original cataloging agency MUST LIB
Transcribing agency MUST
082 00 - DEWEY DECIMAL CLASSIFICATION NUMBER
Classification number 515.352 COD 1961
100 1# - MAIN ENTRY--PERSONAL NAME
Personal name Coddington, Earl A.,
Dates associated with a name 1920-
9 (RLIN) 6111
245 13 - TITLE STATEMENT
Title An introduction to ordinary differential equations /
Statement of responsibility, etc. Earl A. Coddington
260 ## - PUBLICATION, DISTRIBUTION, ETC. (IMPRINT)
Place of publication, distribution, etc. Englewood Cliffs, N.J.,
Name of publisher, distributor, etc. Prentice-Hall,
Date of publication, distribution, etc. 1961.
300 ## - PHYSICAL DESCRIPTION
Extent 292 p:
Other physical details ill;
Dimensions 24 cm.
440 #0 - SERIES STATEMENT/ADDED ENTRY--TITLE
Title Prentice-Hall mathematics series
9 (RLIN) 17134
504 ## - BIBLIOGRAPHY, ETC. NOTE
Bibliography, etc Includes bibliographical referencea
650 #0 - SUBJECT ADDED ENTRY--TOPICAL TERM
Topical term or geographic name as entry element Differential equations.
9 (RLIN) 751
906 ## - LOCAL DATA ELEMENT F, LDF (RLIN)
a 7
b cbc
c orignew
d u
e ocip
f 19
g y-gencatlg
942 ## - ADDED ENTRY ELEMENTS (KOHA)
Source of classification or shelving scheme Dewey Decimal Classification
Koha item type Open Shelf
Holdings
Withdrawn status Lost status Source of classification or shelving scheme Damaged status Not for loan Home library Current library Date acquired Source of acquisition Inventory number Total Checkouts Full call number Barcode Date last seen Price effective from Koha item type
    Other/Generic Classification Scheme     MUST Main Library MUST Main Library 12/06/2024 Purchase 05/24931   515.352 COD 2024-20381 12/06/2024 12/06/2024 Book
    Dewey Decimal Classification     MUST Main Library MUST Main Library 12/06/2024 Purchase 04/22787   515.352 COD 2024-20388 12/06/2024 12/06/2024 Book
    Dewey Decimal Classification     MUST Main Library MUST Main Library 12/06/2024 Purchase 05/24930   515.352 COD 2024-20389 12/06/2024 12/06/2024 Book
    Dewey Decimal Classification     MUST Main Library MUST Main Library 12/06/2024   05/24931   515.352 COD 2024-20391 12/06/2024 12/06/2024 Book
    Dewey Decimal Classification     MUST Main Library MUST Main Library 12/06/2024 Purchase 06/28277   515.352 COD 2024-20392 12/06/2024 12/06/2024 Book
    Dewey Decimal Classification     MUST Main Library MUST Main Library 12/06/2024 Purchase 05/24931   515.352 COD 2024-20387 12/06/2024 12/06/2024 Book
    Dewey Decimal Classification     MUST Main Library MUST Main Library 17/06/2024 Purchase 2004/22788   515.352 COD 1961 2024-20668 17/06/2024 17/06/2024 Open Shelf